| 000 | 00703nam a22002177a 4500 | ||
|---|---|---|---|
| 999 |
_c10181 _d10181 |
||
| 003 | AR-CdUCM | ||
| 008 | 190329b ||||| |||| 00| 0 spa d | ||
| 020 | _a978-603-4016-20-0 | ||
| 040 |
_aMUNICIPALIDAD PROVINCIAL DEL CUSCO _cBIBLIOTECA MUNICIPAL DEL CUSCO |
||
| 082 |
_22 ed. _aPI-0131 / _bMEJ / num |
||
| 100 |
_aMejía, José Luis _926887 |
||
| 245 | _aNúmeros, ¿para qué sirve contar? | ||
| 260 |
_aLima : _bSantillana, _bAlfaguara, _c2008. |
||
| 300 |
_bilustraciones, _c22 cm. |
||
| 500 | _aNo cuenta con numeración impresa. | ||
| 650 |
_aMatemática _919387 |
||
| 650 |
_aLibro infantil _924758 |
||
| 700 |
_aCastro, Ximena (Ilustradora) _926888 |
||
| 942 |
_2ddc _cLIBROS |
||
| 945 | _araen | ||